• 首页
  • 本馆介绍
  • 公告通知
  • 最新文献
  • 馆藏检索
  • 电子资源
  • 读者导购
  • 参考咨询
  • 我的图书馆
  • 登录
  • 详细信息显示
  • 放入我的书架
  • 预约/预借图书
  • 作者相关作品
  • 分类相关作品
  • 丛书相关作品
  • 出版社相关作品

书目信息

  • 表格格式
  • 工作单格式
  • 卡片格式
题名:
家用音响设备
    
 
作者: 韦尔斯 著 ;陈忠 , 周华清 译
分册:  
出版信息: 北京   科学技术文献出版社  1982
页数: 435页
开本: 19cm
丛书名:
单 册:
中图分类: TN912.27 , TN64
科图分类:
主题词: 音频设备--基本知识 , 电声器件
电子资源:
ISBN:
000 00789nam0 2200289 45
001 0182006723
005 20040518092131.9
010    @dCNY1.75
091    @a15176.581
100    @a19950515d1982 em y0chiy0121 ea
101 1  @achi@ceng
102    @aCN@b110000
105    @ay z 000yy
106    @ar
200 10 @a家用音响设备@Ajia yong yin xiang she bei@f(美)A.J. 韦尔斯@g陈忠,周华清译
210    @a北京@c科学技术文献出版社@d1982
215    @a435页@d19cm
606    @a音频设备@x基本知识
606 0  @a电声器件
690    @aTN912.27@v3 
690    @aTN64
701  1 @a韦尔斯@Awei er si@bA.J.@4著
702  0 @a陈忠@Achen zhong@4译
702  0 @a周华清@Azhou hua qing@4译
801  0 @aCN@b上海图书馆@c20040518
801  2 @aCN@bNLC@c20040518
905    @f1@b80260@dTN64@e14
    
    家用音响设备/(美)A.J. 韦尔斯/陈忠,周华清译.-北京:科学技术文献出版社,1982
    435页;19cm
    
    
    ISBN :CNY1.75
    
●
相关链接 在E读中查询图书 在五车中查询图书 在当当中查询图书 在豆瓣中查询图书


正题名:家用音响设备     索取号:TN64/14         预约/预借

序号 登录号 条形码 馆藏地/架位号 状态 备注
1 0080260   001354297   第三借阅区/ [索取号:TN64/14] 在馆    
2 0080261   202108352   第二样本阅览室/ [索取号:TN64/14] 在馆    
唐山师范学院图书馆 欢迎您!
大连网信软件有限公司© 版权所有